书目信息 |
| 题名: |
化学过程及设备
|
|
| 作者: | 吴俊飞 , 付平 , 李庆领 编 | |
| 分册: | ||
| 出版信息: | 北京 化学工业出版社 2013.01 |
|
| 页数: | 225页 | |
| 开本: | 26cm | |
| 丛书名: | ||
| 单 册: | ||
| 中图分类: | TQ02 , TQ05 | |
| 科图分类: | ||
| 主题词: | 化工过程--高等教育--教材 , 化工设备--高等教育--教材 , 化工过程 , 化工设备 | |
| 电子资源: | ||
| ISBN: | 978-7-122-15592-4 | |
| 000 | 01006nam0 2200313 450 | |
| 001 | 012013023749 | |
| 005 | 20130627093657.35 | |
| 010 | @a978-7-122-15592-4@dCNY32.00 | |
| 100 | @a20130304d2013 em y0chiy50 ea | |
| 101 | 0 | @achi |
| 102 | @aCN@b110000 | |
| 105 | @aa z 000yy | |
| 106 | @ar | |
| 200 | 1 | @a化学过程及设备@9hua xue guo cheng ji she bei@f吴俊飞,付平,李庆领编 |
| 210 | @a北京@c化学工业出版社@d2013.01 | |
| 215 | @a225页@c图@d26cm | |
| 300 | @a过程装备与控制工程专业内涵拓展系列教材 普通高等教育“十二五”规划教材 | |
| 330 | @a本书主要介绍了应用于不同相态物料的典型化学过程设备的主要类型、传递特性、特点、结构及如何选型。 | |
| 606 | 0 | @a化工过程@x高等教育@j教材 |
| 606 | 0 | @a化工设备@x高等教育@j教材 |
| 606 | 0 | @a化工过程 |
| 606 | 0 | @a化工设备 |
| 690 | @aTQ02@v5 | |
| 690 | @aTQ05@v5 | |
| 701 | 0 | @a吴俊飞@9wu jun fei@4编 |
| 701 | 0 | @a付平@9fu ping@4编 |
| 701 | 0 | @a李庆领@9li qing ling@4编 |
| 801 | 0 | @aCN@b人天书店@c20130304 |
| 905 | @b546169-72@dTQ02@e219@f4 | |
| 化学过程及设备/吴俊飞,付平,李庆领编.-北京:化学工业出版社,2013.01 |
| 225页:图;26cm |
| 过程装备与控制工程专业内涵拓展系列教材 普通高等教育“十二五”规划教材 |
| ISBN 978-7-122-15592-4:CNY32.00 |
| 本书主要介绍了应用于不同相态物料的典型化学过程设备的主要类型、传递特性、特点、结构及如何选型。 |
| ● |
| 相关链接 |
|
|
|
|
正题名:化学过程及设备
索取号:TQ02/219
 
预约/预借
| 序号 | 登录号 | 条形码 | 馆藏地/架位号 | 状态 | 备注 |
| 1 | 546169 | 205461695 | 第二样本阅览室/ [索取号:TQ02/219] | 在馆 | |
| 2 | 546170 | 205461702 | 第三借阅区/ [索取号:TQ02/219] | 在馆 | |
| 3 | 546171 | 205461711 | 第三借阅区/ [索取号:TQ02/219] | 在馆 | |
| 4 | 546172 | 205461720 | 密集书库-化学系/ [索取号:TQ02/219] | 在馆 |